[Event "Titled Tuesday intern op 21st April"]
[Site "Chess.com INT"]
[Date "2020.04.21"]
[Round "2"]
[White "Teja, Ravi"]
[Black "Guzman, Christopher"]
[Result "1-0"]
[WhiteElo "1487"]
[BlackElo "2258"]
[PlyCount "31"]
[EventDate "2020.04.21"]
[EventType "swiss (blitz)"]
[EventRounds "10"]
[EventCountry "USA"]
[SourceTitle "EXT 2021"]
[Source "ChessBase"]
[SourceDate "2020.10.23"]
[SourceVersion "1"]
[SourceVersionDate "2020.10.23"]
[SourceQuality "1"]

1. d4 Nf6 2. Nf3 e6 3. e3 b6 4. Bd3 Bb7 5. 0-0 c5 6. c4 cxd4 7. exd4 d5 8. Nc3 Be7 9. cxd5 Nxd5 10. Ne5 0-0 11. Qg4 Nxc3 12. bxc3 Nc6 13. Bh6 Bf6 14. Qe4 g6 15. Nxc6 Qe8 16. d5 1-0

[Event "Titled Tuesday intern op 1st Oct"]
[Site "Chess.com INT"]
[Date "2019.10.01"]
[Round "6"]
[White "Navalgund, Niranjan"]
[Black "Teja, Ravi"]
[Result "0-1"]
[WhiteElo "2234"]
[BlackElo "1487"]
[PlyCount "82"]
[EventDate "2019.10.01"]
[EventType "swiss (blitz)"]
[EventRounds "10"]
[EventCountry "USA"]
[SourceTitle "EXT 2021"]
[Source "ChessBase"]
[SourceDate "2020.10.23"]
[SourceVersion "1"]
[SourceVersionDate "2020.10.23"]
[SourceQuality "1"]

1. d4 d5 2. Nf3 e6 3. c4 Nf6 4. g3 Nbd7 5. Bg2 Be7 6. 0-0 0-0 7. Nbd2 b6 8. b3 Bb7 9. Bb2 c5 10. cxd5 Nxd5 11. Rc1 Rc8 12. a3 cxd4 13. Nxd4 Rxc1 14. Qxc1 Qa8 15. N2f3 Rc8 16. Qa1 Bf6 17. Rc1 Nc5 18. Qa2 Ne4 19. Nb5 a6 20. Rxc8+ Qxc8 21. Nfd4 axb5 22. Bxe4 Bxd4 23. Bxd4 Qc1+ 24. Kg2 Nc3 25. Bxc3 Bxe4+ 26. f3 Bxf3+ 27. exf3 Qxc3 28. Qb1 g6 29. Qd1 Kg7 30. Qd6 Qxb3 31. Qxb6 Qa2+ 32. Kh3 Qd5 33. Kg2 Qa2+ 34. Kg1 Qxa3 35. Qd4+ Kg8 36. Qd8+ Qf8 37. Qb6 b4 38. Kg2 h5 39. h4 Qe7 40. Kh3 e5 41. Qa6 Qe6+ 0-1

[Event "Vienna op"]
[Site "Vienna"]
[Date "2019.08.24"]
[Round "9"]
[White "Teja, Ravi"]
[Black "Paszewski, Mateusz"]
[Result "1/2-1/2"]
[WhiteElo "2420"]
[BlackElo "2329"]
[PlyCount "49"]
[EventDate "2019.08.17"]
[EventType "swiss"]
[EventRounds "9"]
[EventCountry "AUT"]
[SourceTitle "EXT 2020"]
[Source "ChessBase"]
[SourceDate "2019.10.17"]
[SourceVersion "1"]
[SourceVersionDate "2019.10.17"]
[SourceQuality "1"]

1. d4 Nf6 2. Nf3 d5 3. c4 e6 4. e3 b6 5. Nc3 Bb7 6. Bd3 dxc4 7. Bxc4 a6 8. 0-0 b5 9. Be2 Nbd7 10. b3 c5 11. Bb2 Be7 12. dxc5 Nxc5 13. b4 Nce4 14. Nxe4 Bxe4 15. Qxd8+ Rxd8 16. a4 0-0 17. axb5 axb5 18. Bxb5 Rb8 19. Ba6 Bxb4 20. Be5 Ra8 21. Rfc1 h6 22. h3 Rfd8 23. Bd4 Be7 24. Ne5 Nd7 25. Nxd7 1/2-1/2

[Event "Titled Tuesday intern op 6th Aug"]
[Site "Chess.com INT"]
[Date "2019.08.06"]
[Round "7"]
[White "Teja, Ravi"]
[Black "Gschnitzer, Adrian"]
[Result "0-1"]
[WhiteElo "1487"]
[BlackElo "2410"]
[PlyCount "68"]
[EventDate "2019.08.06"]
[EventType "swiss (blitz)"]
[EventRounds "10"]
[EventCountry "USA"]
[SourceTitle "EXT 2021"]
[Source "ChessBase"]
[SourceDate "2020.10.23"]
[SourceVersion "1"]
[SourceVersionDate "2020.10.23"]
[SourceQuality "1"]

1. d4 Nf6 2. Nf3 c5 3. d5 b5 4. Bg5 d6 5. Bxf6 exf6 6. e4 a6 7. a4 b4 8. Bd3 g6 9. 0-0 Bg7 10. Nbd2 0-0 11. Nc4 a5 12. Re1 Qc7 13. Nh4 Nd7 14. f4 Nb6 15. Qd2 f5 16. e5 Nxc4 17. Bxc4 dxe5 18. d6 Qd8 19. Nf3 e4 20. Ne5 Ba6 21. Bxf7+ Rxf7 22. Qd5 Bxe5 23. fxe5 Bb7 24. Qxc5 Rc8 25. Qd4 Qd7 26. c3 b3 27. c4 Qe6 28. c5 Re8 29. Qc3 Qxe5 30. Qxb3 Qxc5+ 31. Kh1 Qxd6 32. Rad1 Qe6 33. Qb5 e3 34. Rd6 Qe4 0-1

[Event "Titled Tuesday intern op 6th Aug"]
[Site "Chess.com INT"]
[Date "2019.08.06"]
[Round "5"]
[White "Teja, Ravi"]
[Black "Perez Ponsa, Federico"]
[Result "0-1"]
[WhiteElo "1487"]
[BlackElo "2562"]
[PlyCount "96"]
[EventDate "2019.08.06"]
[EventType "swiss (blitz)"]
[EventRounds "10"]
[EventCountry "USA"]
[SourceTitle "EXT 2021"]
[Source "ChessBase"]
[SourceDate "2020.10.23"]
[SourceVersion "1"]
[SourceVersionDate "2020.10.23"]
[SourceQuality "1"]

1. d4 Nf6 2. Nf3 e6 3. e3 c5 4. Bd3 Nc6 5. 0-0 d5 6. c3 Bd6 7. Nbd2 0-0 8. Qe2 e5 9. dxc5 Bxc5 10. b4 Bd6 11. e4 Ne7 12. c4 dxe4 13. Nxe4 Nxe4 14. Qxe4 f5 15. Qh4 e4 16. Ng5 h6 17. c5 Bxh2+ 18. Kxh2 Qxd3 19. Re1 hxg5 20. Bxg5 Ng6 21. Qh5 Kf7 22. Re3 Rh8 23. Qxh8 Nxh8 24. Rxd3 exd3 25. Rd1 Be6 26. Rxd3 Ng6 27. a4 Ne5 28. Rd2 a6 29. f3 Ng6 30. b5 axb5 31. axb5 f4 32. c6 bxc6 33. bxc6 Rh8+ 34. Kg1 Rh5 35. Bd8 Rc5 36. c7 Rc1+ 37. Kh2 Ne5 38. Re2 Rc5 39. Re4 Nd3 40. Rd4 Rc3 41. Bg5 Kg6 42. Bd8 Kf5 43. Ra4 Rc2 44. Ra5+ Kg6 45. Ra6 Kf7 46. Ra1 Ne5 47. Ra7 Nxf3+ 48. Kh1 Rc1# 0-1

[Event "Titled Tuesday intern op 6th Aug"]
[Site "Chess.com INT"]
[Date "2019.08.06"]
[Round "3"]
[White "Urazayev, Arystanbek"]
[Black "Teja, Ravi"]
[Result "0-1"]
[WhiteElo "2442"]
[BlackElo "1487"]
[PlyCount "76"]
[EventDate "2019.08.06"]
[EventType "swiss (blitz)"]
[EventRounds "10"]
[EventCountry "USA"]
[SourceTitle "EXT 2021"]
[Source "ChessBase"]
[SourceDate "2020.10.23"]
[SourceVersion "1"]
[SourceVersionDate "2020.10.23"]
[SourceQuality "1"]

1. e4 c6 2. d4 d5 3. exd5 cxd5 4. c4 Nf6 5. Nc3 e6 6. Nf3 Bb4 7. Bd3 dxc4 8. Bxc4 0-0 9. 0-0 b6 10. Bg5 Bb7 11. Re1 Bxc3 12. bxc3 Nbd7 13. Bd3 Qc7 14. c4 h6 15. Bh4 Nh5 16. Rc1 Qf4 17. Re3 Bxf3 18. Rxf3 Qxh4 19. Rh3 Qf4 20. Rxh5 Nf6 21. g3 Qd6 22. c5 Qc7 23. Rh4 Rfd8 24. Qe2 Rd5 25. c6 Rad8 26. Qe3 R8d6 27. Bf1 Ra5 28. Bg2 Rxa2 29. g4 Ra5 30. f4 Nd5 31. Qe5 Rxc6 32. Rxc6 Qxc6 33. Qb8+ Kh7 34. Be4+ f5 35. gxf5 Qc1+ 36. Kg2 Ra2+ 37. Kg3 Qg1+ 38. Kh3 Rxh2# 0-1

[Event "Titled Tuesday intern op 4th June"]
[Site "Chess.com INT"]
[Date "2019.06.04"]
[Round "6"]
[White "Teja, Ravi"]
[Black "Bersamina, Paulo"]
[Result "0-1"]
[WhiteElo "1487"]
[BlackElo "2446"]
[PlyCount "42"]
[EventDate "2019.06.04"]
[EventType "swiss (blitz)"]
[EventRounds "10"]
[EventCountry "USA"]
[SourceTitle "EXT 2021"]
[Source "ChessBase"]
[SourceDate "2020.10.23"]
[SourceVersion "1"]
[SourceVersionDate "2020.10.23"]
[SourceQuality "1"]

1. Nf3 Nf6 2. d4 e5 3. Nxe5 d6 4. Nf3 Bg4 5. g3 c6 6. Bg2 Be7 7. c4 h5 8. h3 Be6 9. b3 Qc8 10. Ng5 Bf5 11. e4 Bg6 12. Nc3 Nbd7 13. Be3 Qc7 14. Rc1 0-0-0 15. Nb5 Qa5+ 16. Bd2 Qb6 17. Nxd6+ Bxd6 18. c5 Nxc5 19. dxc5 Bxc5 20. Qe2 Rxd2 21. Kxd2 Qa5+ 0-1

[Event "Titled Tuesday intern op 2nd Oct"]
[Site "Chess.com INT"]
[Date "2018.10.02"]
[Round "4"]
[White "Teja, Ravi"]
[Black "Naroditsky, Daniel"]
[Result "0-1"]
[WhiteElo "1487"]
[BlackElo "2615"]
[PlyCount "148"]
[EventDate "2018.10.02"]
[EventType "swiss (blitz)"]
[EventRounds "10"]
[EventCountry "USA"]
[SourceTitle "EXT 2021"]
[Source "ChessBase"]
[SourceDate "2020.10.23"]
[SourceVersion "1"]
[SourceVersionDate "2020.10.23"]
[SourceQuality "1"]

1. d4 Nf6 2. Nf3 g6 3. Nc3 d5 4. Bf4 Bg7 5. e3 c6 6. Be2 0-0 7. Ne5 Nbd7 8. h4 h5 9. f3 Nxe5 10. Bxe5 Bh6 11. Qd2 Nd7 12. Bf4 Bg7 13. e4 e5 14. dxe5 Nxe5 15. exd5 Re8 16. dxc6 Qb6 17. Nd5 Qxb2 18. 0-0 Nxc6 19. Nc7 Qd4+ 20. Qxd4 Bxd4+ 21. Kh2 Rxe2 22. Rae1 Rxe1 23. Rxe1 Rb8 24. Re8+ Kg7 25. Nb5 Bd7 26. Rxb8 Nxb8 27. Nxd4 Na6 28. Be5+ f6 29. Bd6 Kf7 30. Kg3 Be6 31. a3 Bc4 32. Kf4 Bd5 33. g4 Bc4 34. gxh5 gxh5 35. Ke3 Bd5 36. c3 Bc4 37. Ke4 Be6 38. Nb5 Bd7 39. Nxa7 Ke6 40. Bb4 Nc7 41. Bc5 Nd5 42. Bd4 b5 43. f4 Ne7 44. Bf2 Nf5 45. Kd3 Kd5 46. c4+ bxc4+ 47. Kc3 Nd6 48. Kb4 Ne4 49. Be3 c3 50. Nb5 Bxb5 51. Kxb5 c2 52. Kb4 Ng3 53. Kc3 Nf5 54. Bd2 Nxh4 55. Kxc2 Nf3 56. Be3 h4 57. Bf2 h3 58. Bg3 Ke4 59. a4 Nd4+ 60. Kd2 Kf3 61. Bh2 Kg2 62. Ke3 Kxh2 63. Kf2 Nc6 64. f5 Na5 65. Kf1 Kg3 66. Kg1 Kf4 67. Kh2 Kxf5 68. Kxh3 Ke4 69. Kg4 f5+ 70. Kg3 Ke3 71. Kg2 f4 72. Kf1 Kf3 73. Ke1 Kg2 74. Kd2 f3 0-1